000 00643nam a22002297a 4500
999 _c2988
_d2988
003 OSt
005 20210728083950.0
008 210728b ||||| |||| 00| 0 eng d
020 _a0801627311
020 _a0801627303
040 _cALUPE UNIVERSITY
050 _aRC440
_b.C87 1978
100 _aCarol Ren Kneisl;
245 _aCurrent perspectives in psychiatric nursing : issues and trends. Vol. 2
250 _a-
260 _aSaint Louis :
_bMosby, cop.
_c1978.
300 _aXII, 214 pgs. ;
_bills
_c25 cm.
500 _aindex present
650 _a Psychiatric nursing.
700 _a Holly Skodol Wilson
942 _2lcc
_cBK
_nPW